Environmental concern survey (Record no. 71364)

MARC details
000 -LEADER
fixed length control field 01101cam a2200217 4500
001 - CONTROL NUMBER
control field WB3838-05
008 - FIXED-LENGTH DATA ELEMENTS--GENERAL INFORMATION
fixed length control field 021016n2002 000 0 eng u
035 ## - SYSTEM CONTROL NUMBER
System control number (Sirsi) u120113
245 ## - TITLE STATEMENT
Title Environmental concern survey
260 ## - PUBLICATION, DISTRIBUTION, ETC.
Date of publication, distribution, etc. 2002
490 ## - SERIES STATEMENT
Series statement DEFRA News Release
Volume/sequential designation (0409/02) 9 October 2002, (11)
520 ## - SUMMARY, ETC.
Summary, etc. Public concern about environmental issues is increasing according to the latest Department for Environment , Food and Rural Affairs (DEFRA) "Survey of public attitudes to quality of life and to the environment 2001", the fifth such survey. The survey assesses public perspectives on quality of life, awareness and behaviour regarding environmental matters and perceptions of the countryside and green space. Survey is available at http://www.defra.gov.uk/environment/statistics/pubatt/content.htm http://www.defra.gov.uk/news/2002/021009c.htm
590 ## - LOCAL NOTE (RLIN)
Local note WB
650 ## - SUBJECT ADDED ENTRY--TOPICAL TERM
Topical term or geographic name entry element QUALITY OF LIFE
650 ## - SUBJECT ADDED ENTRY--TOPICAL TERM
Topical term or geographic name entry element ENVIRONMENTAL CONCERNS
650 ## - SUBJECT ADDED ENTRY--TOPICAL TERM
Topical term or geographic name entry element RURAL ENVIRONMENT
650 ## - SUBJECT ADDED ENTRY--TOPICAL TERM
Topical term or geographic name entry element OPEN SPACE
650 ## - SUBJECT ADDED ENTRY--TOPICAL TERM
Topical term or geographic name entry element SURVEYS
690 ## - LOCAL SUBJECT ADDED ENTRY--TOPICAL TERM (OCLC, RLIN)
Topical term or geographic name as entry element ENVIRONMENTAL AND LAND CONSULTANCY
942 ## - ADDED ENTRY ELEMENTS (KOHA)
Suppress in OPAC 0
Holdings
Withdrawn status Lost status Source of classification or shelving scheme Damaged status Not for loan Home library Current library Shelving location Date acquired Total Checkouts Full call number Barcode Date last seen Copy number Price effective from Koha item type
    Dewey Decimal Classification     London London News article 16/10/2002   WB3838-05 120113-1001 06/08/2019 1 06/08/2019 News article